Obchodní případ v dokladech
Obchodný prípad ako komplexná obchodná operácia, vyplývajúca z kúpnej zmluvy na vývoz a dovoz tovaru. Popis a najdôležitejšie vzorové ukážky, ktoré sú potrebné pre každú zákazku.
Salvato in:
| Natura: | Capitolo di libro |
|---|---|
| Lingua: | ceco |
| Soggetti: | |
| Tags: |
Nessun Tag, puoi essere il primo ad aggiungerne!!
|
MARC
| LEADER | 00000naa a2200000 4500 | ||
|---|---|---|---|
| 001 | r014659 | ||
| 005 | 20221213082816.9 | ||
| 041 | 0 | |a cze | |
| 044 | |a CZ | ||
| 245 | 1 | 0 | |a Obchodní případ v dokladech |
| 520 | |a Obchodný prípad ako komplexná obchodná operácia, vyplývajúca z kúpnej zmluvy na vývoz a dovoz tovaru. Popis a najdôležitejšie vzorové ukážky, ktoré sú potrebné pre každú zákazku. | ||
| 610 | 2 | 0 | |a operácie obchodné |
| 610 | 2 | 0 | |a technika obchodná |
| 610 | 2 | 0 | |a podmienky obchodné |
| 610 | 2 | 0 | |a obchod zahraničný |